| 000 | 01012cam a22003497a 4500 | ||
|---|---|---|---|
| 001 | 1594948 | ||
| 003 | NUST | ||
| 005 | 20210805152138.0 | ||
| 008 | 950823s1979 pk 000 0 pus | ||
| 010 | _a 93984284 | ||
| 038 | _aArshad | ||
| 040 |
_aDLC _cDLC _dDLC |
||
| 041 | 1 | _hurd | |
| 050 | 0 | 0 | _aMLCMN 94/1585 (B) |
| 082 |
_a297.63 _bNAD |
||
| 100 | 0 |
_aNadvī , Sayyid Sulaimān _d1857-1914. _981270 |
|
| 240 | 1 | 0 |
_aSīratunnabī. _lurdu |
| 245 | 1 | 0 |
_aSīratunnabī : _cSayyid Sulaimān Nadvī |
| 260 |
_aLahore : _bArmy Book Club, _c1983. |
||
| 300 |
_av. 5 ; _c24 cm. |
||
| 563 | _aHBK | ||
| 650 |
_aMuḥammad, Prophet, -632 _910262 |
||
| 650 |
_aReligious life--Islam _981271 |
||
| 650 |
_aProphets in the Qurʼan _981272 |
||
| 650 | _aIslam--Doctrines | ||
| 651 |
_aMuslims _981273 |
||
| 653 | 0 | _aLife of Prophet Muhammad. | |
| 700 | 1 |
_aNadvī, Sayyid Sulaimān, _d-1953. _981274 |
|
| 906 |
_a7 _bcbc _corignew _du _encip _f19 _gy-gencatlg |
||
| 942 |
_2ddc _cBK |
||
| 999 |
_c586110 _d586110 |
||